000 01179nam a22002657a 4500
003 OSt
005 20220531084009.0
007 ta
008 210218e2020 dr o|||fr|||| 001 0dspa d
020 _a9789945805499
040 _aDO-SdBNP
_bspa
_cBNPHU
041 _hspa
082 4 _a769.566
_bS433r
_222
100 1 _aSolano, Sócrates S.
_977848
245 1 0 _aRepública Dominicana :
_bun viaje a través de postales antiguas 1900-1930 /
_cSócrates S. Solano.
260 _aSanto Domingo :
_bAmigos del Hogar,
_c2020.
300 _a317 p. :
_bil, retrs. ;
_c24 cm.
500 _aLa biblioteca posee 1 ejemplar autografiado por el autor (e.2)
504 _aBibliografía: p. 317-318
505 0 _aPresentación.
_tIntroducción --
_tTarjetas postales (1900-1930). --
_tSanto Domingo -- San Pedro de Macorís -- Samaná -- San Francisco de Macorís -- La Vega -- Santiago -- Puerto Plata -- Montecristi -- Intervención militar norteamericana (1916-1924) -- Ciclón San Zenón -- Bibliografía.
590 _aInventariado, 2021/MFF
650 4 _aTarjetas postales
_zRepública Dominicana
_y1900-1930
_979233
910 _aValidado. Control de calidad MFF
942 _2ddc
_cLBS1
999 _c49409
_d49409